Playhouse Disney/Disney Junior Characters- Letter B - Statistics

General Stats
  • This quiz has been taken 56 times
  • The average score is 5 of 12
Answer Stats
Picture Answer % Correct
Bear
100%
Buster
78%
Bingo
59%
Bandit
48%
Babar
44%
Bella
30%
Baileywick
26%
Bucky
26%
Bunga
26%
Brewster
22%
Bungo
19%
Beamer
15%
No matching quizzes found
Score Distribution
Percent of People with Each Score
Percentile by Number Answered
Your Score History
You have not taken this quiz